000 01439cam a2200217 4500
001 ABS63342
008 000000n2000 000 0 eng u
035 _a(Sirsi) u110173
245 _aGregory v Shepherds (a firm)
260 _c2000
490 _aEstates Gazette
_v(0050) 16 December 2000, 100-107(8)
520 _aCA 16 June 2000. In March 1989 Mr Gregory (G) contracted with a Spanish company for the purchase of an apartment. G subsequently instructed Shepherds (S), a firm of solicitors in Birmingham, to act for him over the purchase. A Spanish lawyer was also instructed at S's suggestion. The apartment was paid for but, due to the existence of a prior charge, G was not registered as the owner. The existence of the prior charge only came to light when G came to sell the property in 1991. The apartment could not be put up for sale until the charge had been vacated, in June 1999; the apartment was eventually sold in January 2000. G alleged that S had been negligent in failing to carry out the necessary searches and to ensure the Spanish lawyer had undertaken adequate searches before the purchase money was handed over. The trial judge rejected both contentions: G appealed. Appeal allowed.
590 _aABS
650 _aSOLICITORS
650 _aCONVEYANCING
650 _aFOREIGN PROPERTY
650 _aLIABILITY
650 _aNEGLIGENCE
690 _aPROFESSIONAL PRACTICE-NEGLIGENCE-CASE LAW
942 _n0
999 _c65704
_d65704